First hazardous waste underground storage site (Record no. 71363)
[ view plain ]
| 000 -LEADER | |
|---|---|
| fixed length control field | 01253cam a2200217 4500 |
| 001 - CONTROL NUMBER | |
| control field | WB3838-23 |
| 008 - FIXED-LENGTH DATA ELEMENTS--GENERAL INFORMATION | |
| fixed length control field | 021016n2002 000 0 eng u |
| 035 ## - SYSTEM CONTROL NUMBER | |
| System control number | (Sirsi) u120111 |
| 245 ## - TITLE STATEMENT | |
| Title | First hazardous waste underground storage site |
| 260 ## - PUBLICATION, DISTRIBUTION, ETC. | |
| Date of publication, distribution, etc. | 2002 |
| 490 ## - SERIES STATEMENT | |
| Series statement | RICS Environment Faculty News |
| Volume/sequential designation | 7 October 2002, (1) |
| 520 ## - SUMMARY, ETC. | |
| Summary, etc. | An adapted Cheshire mine will be the UK's first underground storage site for hazardous waste, offering a better environmental option than most surface landfills. It will comply with the EU Landfill Directive which requires hazardous waste to be processed and disposed of in dedicated landfill sites by July 2004 but allowing some stable matter - not biodegradable nor radioactive - to be stored in specially adapted underground facilities. ODPM call-in available at http://www.planning.odpm.gov.uk/callins/july2_2002/pdf/minosus.pdf: http://www.rics.org/ricscms/bin/show?class=News&template=/includes/shownews.html&id=3830&faculty=Environment&faculty=All%20Faculties |
| 590 ## - LOCAL NOTE (RLIN) | |
| Local note | WB |
| 650 ## - SUBJECT ADDED ENTRY--TOPICAL TERM | |
| Topical term or geographic name entry element | HAZARDOUS WASTE |
| 650 ## - SUBJECT ADDED ENTRY--TOPICAL TERM | |
| Topical term or geographic name entry element | CHESHIRE |
| 650 ## - SUBJECT ADDED ENTRY--TOPICAL TERM | |
| Topical term or geographic name entry element | UNDERGROUND STORAGE |
| 650 ## - SUBJECT ADDED ENTRY--TOPICAL TERM | |
| Topical term or geographic name entry element | MINES |
| 650 ## - SUBJECT ADDED ENTRY--TOPICAL TERM | |
| Topical term or geographic name entry element | DIRECTIVE 99/31/EC |
| 690 ## - LOCAL SUBJECT ADDED ENTRY--TOPICAL TERM (OCLC, RLIN) | |
| Topical term or geographic name as entry element | ENVIRONMENTAL AND LAND CONSULTANCY-WASTE MANAGEMENT |
| 942 ## - ADDED ENTRY ELEMENTS (KOHA) | |
| Suppress in OPAC | 0 |
| Withdrawn status | Lost status | Source of classification or shelving scheme | Damaged status | Not for loan | Home library | Current library | Shelving location | Date acquired | Total Checkouts | Full call number | Barcode | Date last seen | Copy number | Price effective from | Koha item type |
|---|---|---|---|---|---|---|---|---|---|---|---|---|---|---|---|
| Dewey Decimal Classification | London | London | News article | 16/10/2002 | WB3838-23 | 120111-1001 | 06/08/2019 | 1 | 06/08/2019 | News article |